000 00659nam a2200229Ia 4500
003 OSt
005 20221006164446.0
006 a|||||r|||| 00| 0
007 ta
008 221006b |||||||| |||| 00| 0 hin d
024 _a3,922
037 _cTextual
040 _aFML
_cFML
_bhin
041 _2hin
_ahin
082 _aO15,1D40:g(NR44,3), 152N2
100 _aKulshresth Sushma Au.
_9676625
245 0 _aRitusanhaar
_b Sangeet Surabhi
260 _aNew Delhi
_bEastern Book Linkers
_c1992
300 _a406
_ccm.
942 _hO15,1D40:g(NR44,3), 152N2
_cTEXL
_2CC
999 _c1117335
_d1117335